000 00905cam a22002655i 4500
001 18328941
005 20201128021205.0
008 141008s2014 xxkdk frb f001 0 eng d
010 _a2014453809
020 _a9781107014275 (hbk)
040 _aDLC
_cDLC
_dEG-ScBUE
082 0 0 _222
_a005.82
_bBLA
100 1 _aBlahut, Richard E.
_923317
245 1 0 _aCryptography and secure communication /
_cRichard E. Blahut.
260 _aCambridge, United Kingdom ;
_aNew York, United States :
_bCambridge university press,
_c2014.
300 _axvii, 587 p. :
_bcharts, forms ;
_c26 cm.
500 _aIndex : p. 576-587.
504 _aBibliography : p. 558-575.
650 0 _aData encryption (Computer science)
_92635
650 0 _aCryptography
_918352
650 0 _aTelecommunication
_xSecurity measures
_933552
653 _bENGELC
_cJanuary2015
655 _vreading book
_934232
942 _2ddc
_k005.82 BLA
999 _c18936
_d18908